[Event "XVIII. DBMM Schach"]
[Site "Altenberg OT Zinnwald"]
[Date "2018.11.09"]
[Round "4.4"]
[White "Buchholz, Robert"]
[Black "Wieland, Karsten"]
[Result "1/2-1/2"]
[WhiteElo "1967"]
[BlackElo "1676"]
[Annotator "br"]
[PlyCount "107"]
[EventDate "2018.11.??"]
[EventType "team-swiss"]
[EventRounds "7"]
[EventCountry "GER"]
[SourceTitle "XVIII. DBMM 2018"]
[Source "FV Schach e.V."]
[SourceDate "2018.11.12"]
[SourceVersion "1"]
[SourceVersionDate "2018.11.12"]
[SourceQuality "1"]
[WhiteTeam "Baubehoerde Hamburg"]
[BlackTeam "Dresdner Schachfestival"]
[WhiteTeamCountry "GER"]
[BlackTeamCountry "GER"]

1. d4 d5 2. c4 c6 3. Nf3 Nf6 4. Nc3 g6 5. e3 Bg7 6. Bd3 O-O 7. O-O Nbd7 8. cxd5
Nxd5 9. Nxd5 cxd5 10. Qb3 e6 11. Bd2 a5 12. Bb5 b6 13. Rac1 Ba6 14. Bxa6 Rxa6
15. Qb5 Ra8 16. Rc6 Rc8 17. Rfc1 Rxc6 18. Rxc6 Qb8 19. b4 axb4 20. Bxb4 Rc8 21.
g3 Bf8 22. Bxf8 Rxc6 23. Qxc6 Nxf8 24. Ne5 Kg7 25. a4 Qa7 26. g4 g5 27. h4 Ng6
28. hxg5 Nxe5 29. dxe5 Qa5 30. Qc2 Qb4 31. Qd1 b5 $11 32. axb5 Qxb5 33. f4 Qc4
34. Kg2 Qe4+ 35. Qf3 Qc2+ 36. Kg3 Qb1 37. Qf2 Qe4 38. Kh2 Qd3 39. f5 exf5 40.
gxf5 Qe4 41. Qf4 Qc2+ 42. Kg3 Qb1 43. Kg4 Qg1+ 44. Qg3 Qd1+ 45. Qf3 Qg1+ 46.
Kf4 Qh2+ 47. Qg3 Qh1 48. Kg4 Qe4+ 49. Qf4 Qg2+ 50. Kh4 Qh1+ $11 51. Kg4 Qg2+
52. Qg3 Qe4+ 53. Qf4 Qg2+ 54. Qg3 1/2-1/2

[Event "XVIII. DBMM Schach"]
[Site "Altenberg OT Zinnwald"]
[Date "2018.11.09"]
[Round "4.1"]
[White "Schulz, Michael"]
[Black "Koscielski, Janus"]
[Result "1/2-1/2"]
[WhiteElo "2247"]
[BlackElo "2320"]
[Annotator "ms"]
[PlyCount "139"]
[EventDate "2018.11.??"]
[EventType "team-swiss"]
[EventRounds "7"]
[EventCountry "GER"]
[WhiteTeam "SV Osram Berlin"]
[BlackTeam "EKJ Herne und Wanne-Eickel"]
[WhiteTeamCountry "GER"]
[BlackTeamCountry "GER"]

1. d4 Nf6 2. Bg5 d5 3. Bxf6 gxf6 4. e3 c5 5. Nc3 e6 6. Qh5 Nc6 7. O-O-O cxd4 8.
exd4 Bd7 9. Nge2 f5 10. Nf4 Qf6 11. Bb5 O-O-O 12. Bxc6 Bxc6 13. Kb1 Rg8 14. Qf3
Bd6 15. g3 Qh6 16. Nd3 Qg7 17. Rhe1 Qxd4 18. Ne5 Qb6 19. Nxc6 Qxc6 20. Rd3 Kb8
21. Ne2 Rc8 22. c3 Qb6 23. Nd4 Bc5 24. Qf4+ Ka8 25. f3 Bxd4 26. Qxd4 Qxd4 27.
Rxd4 Kb8 28. Rh4 Rg7 29. Rd1 Kc7 30. c4 dxc4 31. Rxc4+ Kb8 32. Rcd4 b6 33. Rh4
Kb7 34. a4 f6 35. Rd6 Re8 36. b4 Rf7 37. Rhd4 Ree7 38. Rc4 e5 39. a5 e4 40.
fxe4 fxe4 41. Kc2 f5 42. axb6 axb6 43. b5 Re5 44. Rb4 Rc7+ 45. Kd1 Rcc5 46.
Rd7+ Kc8 47. Rbd4 Rxb5 48. Rxh7 e3 49. Rc4+ Kb8 50. Rh8+ Kb7 51. Rh7+ Ka6 52.
Ra4+ Ra5 53. Rxa5+ bxa5 54. h4 a4 55. Rh8 Ra5 56. Rc8 a3 57. Rc1 a2 58. Ra1 Kb5
59. Ke2 Kc4 60. Kxe3 Kb3 61. Kf4 Kb2 62. Rxa2+ Rxa2 63. h5 Kc3 64. Kxf5 Kd4 65.
h6 Rh2 66. Kg6 Rg2 67. h7 Rxg3+ 68. Kf6 Rh3 69. Kg7 Rxh7+ 70. Kxh7 1/2-1/2

[Event "XVIII. DBMM Schach"]
[Site "Altenberg OT Zinnwald"]
[Date "2018.11.09"]
[Round "4.2"]
[White "Hortolani, Sven Holger"]
[Black "Gebert Vangeel, Ralf"]
[Result "1-0"]
[WhiteElo "2140"]
[BlackElo "1995"]
[Annotator "rgv"]
[PlyCount "103"]
[EventDate "2018.11.??"]
[EventType "team-swiss"]
[EventRounds "7"]
[EventCountry "GER"]
[SourceTitle "XVIII. DBMM 2018"]
[Source "FV Schach e.V."]
[SourceDate "2018.11.12"]
[SourceVersion "1"]
[SourceVersionDate "2018.11.12"]
[SourceQuality "1"]
[WhiteTeam "EKJ Herne und Wanne-Eickel"]
[BlackTeam "SV Osram Berlin"]
[WhiteTeamCountry "GER"]
[BlackTeamCountry "GER"]

1. Nf3 Nf6 2. g3 d5 3. Bg2 c6 4. d4 Bf5 5. c4 e6 6. O-O Nbd7 7. cxd5 exd5 8.
Nc3 Be7 9. b3 O-O 10. Nh4 Be6 11. Bb2 Nh5 12. e3 Nhf6 13. Qd3 g6 14. Bf3 Ne8
15. Ng2 Ndf6 16. Nf4 Bf5 17. Qe2 Nd6 18. Bg2 Re8 19. Na4 Bf8 20. Rac1 Bh6 21.
Nd3 Bg7 22. Ne5 Nfe4 23. f3 Nf6 24. Nc5 Nd7 25. Nexd7 Bxd7 26. e4 Bc8 27. e5
Nf5 28. f4 b6 29. Nd3 Bb7 30. Qf2 Rc8 31. Bh3 Ba6 32. Rfd1 Qe7 33. g4 Nh6 34.
f5 gxf5 35. gxf5 Qg5+ 36. Qg3 Qxg3+ 37. hxg3 Rc7 38. Nf4 Bc8 39. g4 Bd7 40.
Nxd5 Rcc8 41. Ne3 Bf6 42. Nc4 Bg5 43. Rc2 Red8 44. Nd6 Rb8 45. Bc1 Bxc1 46.
Rdxc1 Kf8 47. Kf2 Ng8 48. Bg2 Ne7 49. Be4 Kg8 50. Ke3 Nc8 51. Nxc8 Rbxc8 52.
Bxc6 1-0

[Event "XVIII. DBMM Schach"]
[Site "Altenberg OT Zinnwald"]
[Date "2018.11.09"]
[Round "4.3"]
[White "Jaehnisch, Frank"]
[Black "Leveikina, Jevgenija"]
[Result "0-1"]
[WhiteElo "2244"]
[BlackElo "2110"]
[Annotator "br"]
[PlyCount "60"]
[EventDate "2018.11.??"]
[EventType "team-swiss"]
[EventRounds "7"]
[EventCountry "GER"]
[SourceTitle "XVIII. DBMM 2018"]
[Source "FV Schach e.V."]
[SourceDate "2018.11.12"]
[SourceVersion "1"]
[SourceVersionDate "2018.11.12"]
[SourceQuality "1"]
[WhiteTeam "SV Osram Berlin"]
[BlackTeam "EKJ Herne und Wanne-Eickel"]
[WhiteTeamCountry "GER"]
[BlackTeamCountry "GER"]

1. d4 d5 2. c4 c6 3. Nf3 Nf6 4. Qc2 dxc4 5. Qxc4 Bg4 6. Nbd2 Nbd7 7. e3 e6 8.
Be2 Be7 9. O-O O-O 10. b3 a5 11. Bb2 Nb6 12. Qc2 Nbd5 13. a3 Bh5 14. Rfc1 Rc8
15. Qd1 Nd7 16. Ne1 Bxe2 17. Qxe2 Qe8 18. e4 Nf4 19. Qg4 Ng6 20. Nd3 f5 21. Qe2
Bg5 22. Rc2 Nf6 23. f3 Nf4 24. Nxf4 Bxf4 25. g3 Qg6 26. e5 Nd5 27. Nf1 Bg5 28.
Kh1 f4 29. Bc1 h5 30. Bd2 Qxc2 0-1

[Event "XVIII. DBMM Schach"]
[Site "Altenberg OT Zinnwald"]
[Date "2018.11.09"]
[Round "4.1"]
[White "Guder, Sibylle"]
[Black "Bumes, Konrad"]
[Result "1-0"]
[WhiteElo "1785"]
[BlackElo "1949"]
[Annotator "br"]
[PlyCount "59"]
[EventDate "2018.11.??"]
[EventType "team-swiss"]
[EventRounds "7"]
[EventCountry "GER"]
[SourceTitle "XVIII. DBMM 2018"]
[Source "FV Schach e.V."]
[SourceDate "2018.11.12"]
[SourceVersion "1"]
[SourceVersionDate "2018.11.12"]
[SourceQuality "1"]
[WhiteTeam "BA Tempelhof Berlin"]
[BlackTeam "Europaeisches Patentamt Muenchen II"]
[WhiteTeamCountry "GER"]
[BlackTeamCountry "GER"]

1. Nf3 d5 2. e3 c5 3. b3 Nf6 4. Bb2 Nc6 5. Be2 e6 6. O-O Bd6 7. d4 O-O 8. Bd3
Re8 9. Ne5 cxd4 10. exd4 Qe7 11. a3 a6 12. Nd2 Nd7 13. f4 Nf8 14. Ndf3 f6 15.
Nxc6 bxc6 16. Qd2 Qc7 17. Bc1 c5 18. c3 c4 19. bxc4 dxc4 20. Bc2 Bb7 21. a4
Rad8 22. g3 e5 23. fxe5 fxe5 24. Qf2 Qc6 25. Rb1 exd4 26. cxd4 Ne6 27. Rxb7
Qxb7 28. Qg2 Qd5 29. Bxh7+ Kh8 30. Qh3 1-0

[Event "XVIII. DBMM Schach"]
[Site "Altenberg OT Zinnwald"]
[Date "2018.11.09"]
[Round "4.2"]
[White "Lange, Ronny"]
[Black "Kettenburg, Stefan"]
[Result "0-1"]
[WhiteElo "1800"]
[BlackElo "2075"]
[Annotator "br"]
[PlyCount "114"]
[EventDate "2018.11.??"]
[EventType "team-swiss"]
[EventRounds "7"]
[EventCountry "GER"]
[SourceTitle "XVIII. DBMM 2018"]
[Source "FV Schach e.V."]
[SourceDate "2018.11.12"]
[SourceVersion "1"]
[SourceVersionDate "2018.11.12"]
[SourceQuality "1"]
[WhiteTeam "Europaeisches Patentamt Muenchen II"]
[BlackTeam "BA Tempelhof Berlin"]
[WhiteTeamCountry "GER"]
[BlackTeamCountry "GER"]

1. e4 c6 2. d4 d5 3. exd5 cxd5 4. Nf3 Nf6 5. Bd3 Bg4 6. Bf4 Nc6 7. c3 e6 8.
Nbd2 Bd6 9. Bxd6 Qxd6 10. O-O O-O 11. Qc2 Rac8 12. a3 Rfe8 13. Rae1 Bh5 14. Qb1
Bg6 15. Bxg6 hxg6 16. Ne5 b5 17. Qd3 Rb8 18. b4 Ne7 19. Ndf3 Ne4 20. Nd2 Nxd2
21. Qxd2 Nf5 22. Nd3 Qc6 23. Nc5 Ra8 24. Ra1 a5 25. bxa5 Rxa5 26. c4 Rea8 27.
cxb5 Qxb5 28. a4 Qc4 29. Rfd1 Qxd4 30. Qxd4 Nxd4 31. Rxd4 Rxc5 32. f4 f6 33.
Rb1 Rac8 34. g3 Rc1+ 35. Rxc1 Rxc1+ 36. Kg2 Kf7 37. Rb4 e5 38. fxe5 fxe5 39. a5
Ra1 40. Rb7+ Kf6 41. Ra7 e4 42. a6 Ke5 43. Re7+ Kd4 44. a7 Ra2+ 45. Kf1 e3 46.
Rb7 Ke4 47. Re7+ Kd3 48. Rb7 d4 49. Rb3+ Ke4 50. Rb7 Ra1+ 51. Kg2 Ra2+ 52. Kf1
d3 53. Re7+ Kd4 54. Rd7+ Kc3 55. Rc7+ Kd2 56. Re7 e2+ 57. Kf2 Rxa7 0-1

[Event "XVIII. DBMM Schach"]
[Site "Altenberg OT Zinnwald"]
[Date "2018.11.09"]
[Round "4.3"]
[White "Baranowsky, Peter"]
[Black "Santos, Paulo"]
[Result "1/2-1/2"]
[WhiteElo "1867"]
[BlackElo "1823"]
[Annotator "br"]
[PlyCount "51"]
[EventDate "2018.11.??"]
[EventType "team-swiss"]
[EventRounds "7"]
[EventCountry "GER"]
[SourceTitle "XVIII. DBMM 2018"]
[Source "FV Schach e.V."]
[SourceDate "2018.11.12"]
[SourceVersion "1"]
[SourceVersionDate "2018.11.12"]
[SourceQuality "1"]
[WhiteTeam "BA Tempelhof Berlin"]
[BlackTeam "Europaeisches Patentamt Muenchen II"]
[WhiteTeamCountry "GER"]
[BlackTeamCountry "GER"]

1. e4 e5 2. Nf3 Nc6 3. Nc3 Nf6 4. Bb5 Bb4 5. O-O d6 6. d4 exd4 7. Qxd4 Bc5 8.
Qd3 Bd7 9. Bg5 h6 10. Bxf6 Qxf6 11. Nd5 Qd8 12. a4 a6 13. Bc4 O-O 14. Rad1 Bg4
15. Rd2 Ne5 16. Nxe5 dxe5 17. Qg3 Qg5 18. Ne3 Bxe3 19. fxe3 Rae8 20. h3 Be6 21.
Qxg5 hxg5 22. Bxe6 Rxe6 23. Rd7 Rc6 24. Rf2 f6 25. Rfd2 Re8 26. Kf2 1/2-1/2

[Event "XVIII. DBMM Schach"]
[Site "Altenberg OT Zinnwald"]
[Date "2018.11.09"]
[Round "4.4"]
[White "Achermann, Didier"]
[Black "Schmidt, Joerg"]
[Result "1/2-1/2"]
[WhiteElo "1785"]
[BlackElo "1819"]
[Annotator "br"]
[PlyCount "60"]
[EventDate "2018.11.??"]
[EventType "team-swiss"]
[EventRounds "7"]
[EventCountry "GER"]
[SourceTitle "XVIII. DBMM 2018"]
[Source "FV Schach e.V."]
[SourceDate "2018.11.12"]
[SourceVersion "1"]
[SourceVersionDate "2018.11.12"]
[SourceQuality "1"]
[WhiteTeam "Europaeisches Patentamt Muenchen II"]
[BlackTeam "BA Tempelhof Berlin"]
[WhiteTeamCountry "GER"]
[BlackTeamCountry "GER"]

1. e4 c5 2. Nf3 e6 3. d4 cxd4 4. Nxd4 Bc5 5. Nb3 Bb6 6. Nc3 Ne7 7. Bf4 a6 8.
Qd2 d5 9. exd5 exd5 10. O-O-O Be6 11. Be3 Nd7 12. Bxb6 Nxb6 13. Qf4 O-O 14. h4
Rc8 15. g4 Qc7 16. Qxc7 Rxc7 17. Be2 Nc4 18. Nd4 Rfc8 19. Bxc4 Rxc4 20. f3 Nc6
21. Nxc6 bxc6 22. Ne2 Rb4 23. Rd4 Rxd4 24. Nxd4 c5 25. Nxe6 fxe6 26. Re1 Kf7
27. b3 Ke7 28. Kd2 Kd6 29. f4 c4 30. c3 Rf8 1/2-1/2

[Event "XVIII. DBMM Schach"]
[Site "Altenberg OT Zinnwald"]
[Date "2018.11.09"]
[Round "4.1"]
[White "Blum, Norbert"]
[Black "Schleining, Zoya"]
[Result "0-1"]
[WhiteElo "1956"]
[BlackElo "2370"]
[Annotator "br"]
[PlyCount "48"]
[EventDate "2018.11.??"]
[EventType "team-swiss"]
[EventRounds "7"]
[EventCountry "GER"]
[SourceTitle "XVIII. DBMM 2018"]
[Source "FV Schach e.V."]
[SourceDate "2018.11.12"]
[SourceVersion "1"]
[SourceVersionDate "2018.11.12"]
[SourceQuality "1"]
[WhiteTeam "Sparkassen-Vers. Stuttgart"]
[BlackTeam "EFS Filtertechnik Erkrath"]
[WhiteTeamCountry "GER"]
[BlackTeamCountry "GER"]

1. e4 c6 2. d4 d5 3. f3 e6 4. Nc3 Bb4 5. Qd3 b6 6. Nge2 Ba6 7. Qe3 Ne7 8. a3
Bxc3+ 9. Nxc3 Bxf1 10. Rxf1 O-O 11. Bd2 Nd7 12. O-O-O b5 13. Be1 Nb6 14. Bh4
Nc4 15. Qe2 Re8 16. Bxe7 Qxe7 17. Rd3 b4 18. axb4 Qxb4 19. Nd1 Rab8 20. c3 Qa4
21. Qc2 Rb3 22. Rf2 Reb8 23. Qb1 Qb5 24. exd5 Na3 0-1

[Event "XVIII. DBMM Schach"]
[Site "Altenberg OT Zinnwald"]
[Date "2018.11.09"]
[Round "4.2"]
[White "Hartig, Frank"]
[Black "Bischoff, Ulrich"]
[Result "1-0"]
[WhiteElo "2080"]
[BlackElo "2050"]
[Annotator "br"]
[PlyCount "77"]
[EventDate "2018.11.??"]
[EventType "team-swiss"]
[EventRounds "7"]
[EventCountry "GER"]
[SourceTitle "XVIII. DBMM 2018"]
[Source "FV Schach e.V."]
[SourceDate "2018.11.12"]
[SourceVersion "1"]
[SourceVersionDate "2018.11.12"]
[SourceQuality "1"]
[WhiteTeam "EFS Filtertechnik Erkrath"]
[BlackTeam "Sparkassen-Vers. Stuttgart"]
[WhiteTeamCountry "GER"]
[BlackTeamCountry "GER"]

1. e4 e5 2. d4 exd4 3. Qxd4 Nc6 4. Qe3 Bb4+ 5. Nc3 Nf6 6. Bd2 O-O 7. O-O-O Re8
8. f3 d6 9. Nh3 a6 10. Nf4 Bc5 11. Qe1 b5 12. g4 Nd4 13. Qg3 Bb7 14. h4 Bc6 15.
h5 b4 16. Nce2 Nxf3 17. g5 Nd7 18. Qxf3 Bxe4 19. Qh3 Bxh1 20. Qxh1 Qxg5 21. Bg2
Rab8 22. Bc6 Qd8 23. Qh3 Re7 24. Kb1 Nf6 25. Nc1 Ne4 26. Be1 Nf2 27. Bxf2 Bxf2
28. Ncd3 Ba7 29. Rf1 Re3 30. Qg2 Qh4 31. Rg1 Qf6 32. Nd5 Qh6 33. Nxe3 Bxe3 34.
Re1 Bg5 35. Qg4 a5 36. Qd7 Rf8 37. Qxc7 Qxh5 38. Qxd6 h6 39. Qxf8+ 1-0

[Event "XVIII. DBMM Schach"]
[Site "Altenberg OT Zinnwald"]
[Date "2018.11.09"]
[Round "4.1"]
[White "Tangermann, Erhard"]
[Black "Wolf, Wilfried"]
[Result "1-0"]
[WhiteElo "1741"]
[BlackElo "1515"]
[Annotator "br"]
[PlyCount "57"]
[EventDate "2018.11.??"]
[EventType "team-swiss"]
[EventRounds "7"]
[EventCountry "GER"]
[SourceTitle "XVIII. DBMM 2018"]
[Source "FV Schach e.V."]
[SourceDate "2018.11.12"]
[SourceVersion "1"]
[SourceVersionDate "2018.11.12"]
[SourceQuality "1"]
[WhiteTeam "Stern Ludwigsfelde"]
[BlackTeam "BA Tempelhof Berlin IV"]
[WhiteTeamCountry "GER"]
[BlackTeamCountry "GER"]

1. d4 d5 2. Nf3 Nf6 3. Bf4 Nc6 4. e3 e6 5. Be2 Bd6 6. Bg3 O-O 7. c4 Bd7 8. Nc3
dxc4 9. Bxc4 a6 10. a3 b5 11. Bd3 Na7 12. Bh4 Be7 13. Qc2 g6 14. Ne5 Rc8 15. b4
Nc6 16. Nxd7 Qxd7 17. Rc1 Nd8 18. O-O Nb7 19. Qe2 Nd6 20. Rc2 Nfe8 21. Bxe7
Qxe7 22. Rfc1 Qd7 23. Ne4 Nxe4 24. Bxe4 Nd6 25. Bd3 f5 26. Qf3 Rf7 27. Qc6 Qxc6
28. Rxc6 Kg7 29. Rxd6 1-0

[Event "XVIII. DBMM Schach"]
[Site "Altenberg OT Zinnwald"]
[Date "2018.11.09"]
[Round "4.2"]
[White "Schneider, Eckehard"]
[Black "Grandt, Bernd"]
[Result "0-1"]
[WhiteElo "1733"]
[BlackElo "1978"]
[Annotator "br"]
[PlyCount "56"]
[EventDate "2018.11.??"]
[EventType "team-swiss"]
[EventRounds "7"]
[EventCountry "GER"]
[SourceTitle "XVIII. DBMM 2018"]
[Source "FV Schach e.V."]
[SourceDate "2018.11.12"]
[SourceVersion "1"]
[SourceVersionDate "2018.11.12"]
[SourceQuality "1"]
[WhiteTeam "BA Tempelhof Berlin IV"]
[BlackTeam "Stern Ludwigsfelde"]
[WhiteTeamCountry "GER"]
[BlackTeamCountry "GER"]

1. e4 d5 2. exd5 Nf6 3. Nc3 Nxd5 4. Nxd5 Qxd5 5. d4 Bf5 6. Nf3 e6 7. Bd3 Bg4 8.
Be2 Nd7 9. O-O c6 10. c4 Qa5 11. a3 Rc8 12. Bd2 Qd8 13. Qb3 Qb6 14. Qxb6 Nxb6
15. b3 Be7 16. h3 Bh5 17. Rfe1 O-O 18. a4 Nd7 19. Ne5 Bxe2 20. Rxe2 Nxe5 21.
Rxe5 Rfd8 22. Bc3 Bf6 23. Re4 Rd7 24. f4 Rcd8 25. f5 exf5 26. Re2 Bxd4+ 27.
Bxd4 Rxd4 28. Rae1 Kf8 0-1

[Event "XVIII. DBMM Schach"]
[Site "Altenberg OT Zinnwald"]
[Date "2018.11.09"]
[Round "4.3"]
[White "Meyer, Jens Uwe"]
[Black "Mueller, Stefan"]
[Result "1-0"]
[WhiteElo "1896"]
[BlackElo "1786"]
[Annotator "br"]
[PlyCount "99"]
[EventDate "2018.11.??"]
[EventType "team-swiss"]
[EventRounds "7"]
[EventCountry "GER"]
[SourceTitle "XVIII. DBMM 2018"]
[Source "FV Schach e.V."]
[SourceDate "2018.11.12"]
[SourceVersion "1"]
[SourceVersionDate "2018.11.12"]
[SourceQuality "1"]
[WhiteTeam "Stern Ludwigsfelde"]
[BlackTeam "BA Tempelhof Berlin IV"]
[WhiteTeamCountry "GER"]
[BlackTeamCountry "GER"]

1. d4 d5 2. Bf4 Bf5 3. e3 e6 4. c4 c6 5. Qb3 Qb6 6. c5 Qxb3 7. axb3 Nd7 8. Nc3
Ngf6 9. b4 Be7 10. b5 O-O 11. bxc6 bxc6 12. Ba6 Rfb8 13. Bxb8 Rxb8 14. Ra2 Rb3
15. Nf3 h6 16. O-O Bd8 17. Bc8 a5 18. Ba6 Bc7 19. Nd2 Rb8 20. f4 Ng4 21. Re1 g5
22. h3 Ngf6 23. g4 Bg6 24. fxg5 hxg5 25. Nf3 Nh7 26. Kf2 f5 27. Bd3 Rf8 28. Kg2
Kg7 29. Bb1 Ndf6 30. Ne5 Bxe5 31. dxe5 Nd7 32. Rxa5 Nxe5 33. Ra7+ Kh6 34. gxf5
exf5 35. Re7 Nc4 36. b3 Nd2 37. Bc2 Nf6 38. Re6 f4 39. Bxg6 f3+ 40. Kf2 Kxg6
41. Rxc6 Kf5 42. Rd1 Nde4+ 43. Nxe4 Nxe4+ 44. Kxf3 Ke5+ 45. Kg2 Rf2+ 46. Kg1
Re2 47. Rd3 Re1+ 48. Kg2 Re2+ 49. Kf1 Rf2+ 50. Kg1 1-0

[Event "XVIII. DBMM Schach"]
[Site "Altenberg OT Zinnwald"]
[Date "2018.11.09"]
[Round "4.4"]
[White "Dankovic, Oliver"]
[Black "Bond, Oliver"]
[Result "0-1"]
[WhiteElo "1338"]
[BlackElo "1700"]
[Annotator "br"]
[PlyCount "110"]
[EventDate "2018.11.??"]
[EventType "team-swiss"]
[EventRounds "7"]
[EventCountry "GER"]
[SourceTitle "XVIII. DBMM 2018"]
[Source "FV Schach e.V."]
[SourceDate "2018.11.12"]
[SourceVersion "1"]
[SourceVersionDate "2018.11.12"]
[SourceQuality "1"]
[WhiteTeam "BA Tempelhof Berlin IV"]
[BlackTeam "Stern Ludwigsfelde"]
[WhiteTeamCountry "GER"]
[BlackTeamCountry "GER"]

1. e4 c5 2. Nf3 d6 3. d4 cxd4 4. Nxd4 Bd7 5. Nc3 Nc6 6. Nxc6 bxc6 7. b3 g6 8.
Bb2 Bg7 9. Rb1 Nf6 10. Bd3 O-O 11. O-O Qa5 12. e5 Qxe5 13. Ne4 Qa5 14. Nxf6+
Bxf6 15. Bxf6 exf6 16. a4 Be6 17. Qf3 Qc3 18. Rfe1 Kg7 19. Re3 Qc5 20. b4 Qb6
21. c4 d5 22. c5 Qc7 23. b5 cxb5 24. Rxb5 a6 25. Rb6 Qxc5 26. Rb1 Rab8 27. Qd1
d4 28. Re1 Rxb1 29. Qxb1 Qa5 30. Qa1 Bb3 31. Re4 Qxa4 32. Qxa4 Bxa4 33. Bxa6
Re8 34. Rxe8 Bxe8 35. f4 Bc6 36. Kf2 Kf8 37. g3 Ke7 38. Ke2 Kd6 39. Kd3 Kc5 40.
Kc2 Be4+ 41. Kd2 g5 42. fxg5 fxg5 43. Be2 f5 44. Bd3 h5 45. Be2 h4 46. gxh4
gxh4 47. Bf1 f4 48. Ba6 Kd5 49. Bb7+ Ke5 50. Bc8 f3 51. Bh3 Kf4 52. Bc8 d3 53.
Bd7 f2 54. Bh3 Bf5 55. Bf1 h3 0-1

[Event "XVIII. DBMM Schach"]
[Site "Altenberg OT Zinnwald"]
[Date "2018.11.09"]
[Round "4.1"]
[White "Koerlin, Hans Juergen"]
[Black "Schmidt, Gerhard"]
[Result "1-0"]
[WhiteElo "1878"]
[BlackElo "2040"]
[Annotator "br"]
[PlyCount "49"]
[EventDate "2018.11.??"]
[EventType "team-swiss"]
[EventRounds "7"]
[EventCountry "GER"]
[SourceTitle "XVIII. DBMM 2018"]
[Source "FV Schach e.V."]
[SourceDate "2018.11.12"]
[SourceVersion "1"]
[SourceVersionDate "2018.11.12"]
[SourceQuality "1"]
[WhiteTeam "BA Tempelhof Berlin II"]
[BlackTeam "Europark Altenberg/SV St.2"]
[WhiteTeamCountry "GER"]
[BlackTeamCountry "GER"]

1. e4 c5 2. b4 cxb4 3. Bb2 d6 4. d4 Nf6 5. Bd3 Nc6 6. f4 Qb6 7. Nf3 Bg4 8. Nbd2
e6 9. Nc4 Qc7 10. Ne3 Bxf3 11. Qxf3 Be7 12. O-O Rd8 13. e5 Nd5 14. Nxd5 exd5
15. e6 fxe6 16. Qg4 Kd7 17. Rfe1 Kc8 18. Qxe6+ Kb8 19. Qxd5 Bf6 20. a3 Qb6 21.
c3 bxc3 22. Bxc3 Nxd4 23. Ba5 Qb3 24. Bc4 Ne2+ 25. Rxe2 1-0

[Event "XVIII. DBMM Schach"]
[Site "Altenberg OT Zinnwald"]
[Date "2018.11.09"]
[Round "4.2"]
[White "Lau, Peter"]
[Black "Glienke, Michael"]
[Result "1-0"]
[WhiteElo "1770"]
[BlackElo "1667"]
[Annotator "br"]
[PlyCount "71"]
[EventDate "2018.11.??"]
[EventType "team-swiss"]
[EventRounds "7"]
[EventCountry "GER"]
[SourceTitle "XVIII. DBMM 2018"]
[Source "FV Schach e.V."]
[SourceDate "2018.11.12"]
[SourceVersion "1"]
[SourceVersionDate "2018.11.12"]
[SourceQuality "1"]
[WhiteTeam "Europark Altenberg/SV St.2"]
[BlackTeam "BA Tempelhof Berlin II"]
[WhiteTeamCountry "GER"]
[BlackTeamCountry "GER"]

1. e4 c5 2. Nc3 Nc6 3. g3 e5 4. Bg2 Nf6 5. d3 h6 6. f4 Qb6 7. Nge2 c4 8. dxc4
Ng4 9. Rf1 Nxh2 10. Nd5 Qd8 11. Rh1 Ng4 12. Nec3 Nf6 13. Nxf6+ Qxf6 14. Nd5 Qd8
15. Be3 Bb4+ 16. c3 Ba5 17. Qg4 O-O 18. O-O-O exf4 19. Bxf4 d6 20. Qh5 Ne5 21.
Bxe5 dxe5 22. Qxe5 Bg4 23. Ne7+ Kh7 24. Rxd8 Bxd8 25. Nd5 Rc8 26. Qd4 Bg5+ 27.
Kb1 Be2 28. Bf1 Rxc4 29. Qxc4 Bxc4 30. Bxc4 f5 31. e5 Rc8 32. Bb3 g6 33. Re1
Re8 34. e6 Kg7 35. Re2 h5 36. Ba4 1-0

[Event "XVIII. DBMM Schach"]
[Site "Altenberg OT Zinnwald"]
[Date "2018.11.09"]
[Round "4.3"]
[White "Meseck, Michael"]
[Black "Wirth, Volker"]
[Result "1-0"]
[WhiteElo "1545"]
[BlackElo "1753"]
[Annotator "br"]
[PlyCount "67"]
[EventDate "2018.11.??"]
[EventType "team-swiss"]
[EventRounds "7"]
[EventCountry "GER"]
[SourceTitle "XVIII. DBMM 2018"]
[Source "FV Schach e.V."]
[SourceDate "2018.11.12"]
[SourceVersion "1"]
[SourceVersionDate "2018.11.12"]
[SourceQuality "1"]
[WhiteTeam "BA Tempelhof Berlin II"]
[BlackTeam "Europark Altenberg/SV St.2"]
[WhiteTeamCountry "GER"]
[BlackTeamCountry "GER"]

1. d4 d5 2. c4 c6 3. Nf3 Nf6 4. Nc3 Bg4 5. Ne5 Bh5 6. Qb3 b6 7. cxd5 Nxd5 8. e4
Nxc3 9. bxc3 f6 10. Nd3 Bf7 11. Qc2 e6 12. Bb2 Be7 13. Be2 O-O 14. O-O Nd7 15.
f4 Rc8 16. Bg4 c5 17. Qe2 Rc7 18. f5 exf5 19. Bxf5 c4 20. Nf2 Re8 21. Rae1 b5
22. Bg4 Bd6 23. Qf3 Nf8 24. Qh3 Rce7 25. Bh5 g6 26. Bf3 Bd5 27. Re2 Bxe4 28.
Nxe4 Kg7 29. Rfe1 f5 30. Nxd6 Rxe2 31. Rxe2 Rxe2 32. Bxe2 Qxd6 33. Bc1 Qe6 34.
Qe3 1-0

[Event "XVIII. DBMM Schach"]
[Site "Altenberg OT Zinnwald"]
[Date "2018.11.09"]
[Round "4.4"]
[White "Bussler, Juergen"]
[Black "Frahm, Werner"]
[Result "1-0"]
[WhiteElo "1909"]
[BlackElo "1547"]
[Annotator "br"]
[PlyCount "57"]
[EventDate "2018.11.??"]
[EventType "team-swiss"]
[EventRounds "7"]
[EventCountry "GER"]
[SourceTitle "XVIII. DBMM 2018"]
[Source "FV Schach e.V."]
[SourceDate "2018.11.12"]
[SourceVersion "1"]
[SourceVersionDate "2018.11.12"]
[SourceQuality "1"]
[WhiteTeam "Europark Altenberg/SV St.2"]
[BlackTeam "BA Tempelhof Berlin II"]
[WhiteTeamCountry "GER"]
[BlackTeamCountry "GER"]

1. e4 e5 2. Nf3 Nc6 3. Nc3 Nf6 4. Bc4 h6 5. O-O d6 6. h3 Bd7 7. d4 exd4 8. Nxd4
Ne5 9. Bb3 Rc8 10. a3 c5 11. Nf3 Nxf3+ 12. Qxf3 c4 13. Ba4 Bxa4 14. Nxa4 Be7
15. Rd1 Qa5 16. Nc3 O-O 17. Nd5 Bd8 18. Bd2 Qa4 19. Rac1 Re8 20. Re1 Qd7 21.
Bc3 Nxd5 22. exd5 Bb6 23. Re4 f5 24. Re2 Bc5 25. Rce1 Rxe2 26. Rxe2 Qf7 27. Re6
Rf8 28. Qe2 b5 29. Re7 1-0